Natural Language Understanding / (Record no. 1883)

MARC details
000 -LEADER
Fixed length control field 00497nam a2200181 4500
003 - CONTROL NUMBER IDENTIFIER
Control field SEACOMEC
005 - DATE AND TIME OF LATEST TRANSACTION
Control field 20241213124906.0
008 - FIXED-LENGTH DATA ELEMENTS--GENERAL INFORMATION
Fixed length control field 241213b |||||||| |||| 00| 0 eng d
020 ## - INTERNATIONAL STANDARD BOOK NUMBER / ISBN
International Standard Book Number 8131708950
Price 335
040 ## - CATALOGING SOURCE
Original cataloging agency SEACOMEC
082 ## - DEWEY DECIMAL CLASSIFICATION NUMBER
Classification number 005.133
Book Number A427
100 ## - MAIN ENTRY--PERSONAL NAME
Personal name Allen, James
245 ## - TITLE STATEMENT
Title Natural Language Understanding /
Statement of responsibility James Allen
260 ## - IMPRINT
Place of publication Delhi
Name of publisher Pearson Education India,
Date of publication 2007
300 ## - PHYSICAL DESCRIPTION
Page / Vol. No 676 p
440 ## - SERIES STATEMENT
Series Title Benjamin/ Cummings series in computer science
942 ## - ADDED ENTRY ELEMENTS (KOHA)
Koha item type Books
Holdings
Withdrawn status Lost status Source of classification Damaged status Not for loan Home library Current library Date acquired Total Checkouts Call number Accession number Date last seen Price effective from Koha item type Copy number
    Dewey Decimal Classification     SEACOM ENGINEERING COLLEGE SEACOM ENGINEERING COLLEGE 18/04/2008   005.133 A427 10920 13/12/2024 13/12/2024 Books  
    Dewey Decimal Classification     SEACOM ENGINEERING COLLEGE SEACOM ENGINEERING COLLEGE 18/04/2008   005.133 A427 10921 13/12/2024 13/12/2024 Books 1
© Seacom Engineering College, All rights reserved.      Powered by Koha